000
00326nam a2200121Ia 4500
008
190723s9999 xx 000 0 und d
020
_a
699-407-290-5
100
_a
Syed Sami Ahmed
245
4
_a
The Judiciary Pakistan and it's role in Political Crises
260
_a
Karachi
_b
Royal Book
_c
2003
300
_a
222
942
_c
BK
999
_c
1263
_d
1263